Statistics for Sports Trivia #3

Click here to take the quiz!

General Stats

  • This quiz has been taken 38 times
  • The average score is 10 of 15

Answer Stats

HintAnswer% Correct
How many points is a safety worth in the NFL?2
97%
What is considered a perfect score in bowling?300
88%
"Dr. J's" real name was what?Julius Erving
88%
Which Current NBA player wears number 77 for the Dallas Mavs?
Luka Doncic
84%
How many total hockey players are on the ice at one time in the NHL?12
81%
Davante Adams was traded from the Packers to which NFL team?Raiders
81%
Which NFL team won 3 Superbowls in the 90s?
Dallas Cowboys
75%
Who is the owner of the Dallas Mavericks?
Mark Cuban
72%
What was Karl Malone's nickname in the NBA?Mailman
63%
Who has the most receiving yards in one NFL season?
Calvin Johnson
53%
Which Boston Celtics players was nicknamed "The Truth"?
Paul Pierce
53%
During which inning is "Take me out to the ball game" traditionally sung?
7th inning
44%
Which NFL runningback has the record for most rushing yards in a season?Eric Dickerson
28%
Where did Jerome Bettis go to college?Notre Dame
25%
Where did Paul George go to college?Fresno
19%

Score Distribution

Percentile by Number Answered

Percent of People with Each Score

Your Score History

You have not taken this quiz